Регионална библиотека "Любен Каравелов" - Русе

Българско нотариално право (Запис номер 28957)

MARC детайли
000 -Лидер
Контролно поле с фиксирана дължина 02067nam a2200361 c 4500
003 - Код на организацията, давaща контролен номер
Контролно поле BLK
005 - Дата и час на последна редакция
Контролно поле 20180420220250.0
008 - Елементи от данни с фиксирана дължина
fixed length control field 180407b bul|||||r ||||||| ||bul||
010 ## - Наследен системен номер
LC control number KNG00031562000
040 ## - Източник на каталожния запис
Идентификатор на билиотеката - собственик на записа BLK
041 ## - Код за език
Код за езика на текст/звукозапис или на отделно заглавие Български
Код за езика КДБФ Български
080 ## - УДК
Текстов определител УДК Съдебни лица, юристи, съдебни изпълнители(лица, действащи в гражданско съдопроизводство)-Нотариуси, съдии, прокуратура, прокурори, пълномощници, адвокати и др.
УДК код - определител по УДК 347.96
УДК определител (497.2)
УДК - код + определител 347.96(497.2)
080 ## - УДК
Текстов определител УДК Собственост. Приватизация и реституция (правни проблеми) -Придобиване, прехвърляне, загуба на собственост, съсобственост, ограничаване на правото на собственост и др.
УДК код - определител по УДК 347.23
УДК определител (497.2)
УДК - код + определител 347.23(497.2)
100 1# - Редна дума - Автор
Автор Бешков, Панчо Георгиев
Авторска отговорност първи автор
R(LIN) 258476
139 ## - Редно поле
Редна дума Бешков, Панчо Георгиев
Авторски знак Беш - Б 43
245 10 - Сведения за заглавието
Заглавие Българско нотариално право
Подзаглавни данни Кн. 1 - За том: Т. 1-2
Редно поле (дума) Панчо Георгиев Бешков.
Том Кн. 2
Заглавие на том Нотариални производства
257 ## - Страна на издаване
Страна на създаване/издаване България
260 ## - Област на издателските данни
-- София
Име на издателя, разпространителя и проч. Фенея
Година на издаване 1997 -
Печатница София : Скала
300 ## - Физическа характеристика
Размери/Мащаб 21 см
380 ## - Жанр
Жанр Обществени науки
650 #4 - Допълнително описание по предмет – тема
Основно описание – тема или топоним Нотариат - България
9 (RLIN) 267628
650 #4 - Допълнително описание по предмет – тема
Основно описание – тема или топоним Нотариални актове - във вещното право - България
9 (RLIN) 260573
653 ## - Ключова дума – ненормативна
Ключова дума нотариални актове
653 ## - Ключова дума – ненормативна
Ключова дума нотариат
653 ## - Ключова дума – ненормативна
Ключова дума вещно право
653 ## - Ключова дума – ненормативна
Ключова дума България
760 1# - Описание на основната серия
Редна дума на основното описание Бешков, Панчо Георгиев
Място на издаване, издател и година 1999
Свързани части Т. 1. Конститутивни нотариални актове
Страници - том 298 с.
Заглавие Кн. 2 Нотариални производства
852 ## - Местоположение
Форматна сигнатура Цб 194860
856 4# - Електронен адрес и достъп
Електронен формат pdf - файл
Път до файла /url/
856 4# - Електронен адрес и достъп
Електронен формат pdf - файл
Път до файла /url/
942 ## - АРТИКУЛИ
Вид на библиотечния материал Книги
Скрит в OPAC Не
944 ## - СЪЗДАВАНЕ И РЕДАКЦИЯ на ЗАПИСА
Създаване/Редакция Създаване
Дата на регистрацията/редакция 15.01.2003
Служител, извършил регистрацията/редакцията Кети_Илиева
944 ## - СЪЗДАВАНЕ И РЕДАКЦИЯ на ЗАПИСА
Създаване/Редакция Редакция
Дата на регистрацията/редакция 04.01.2013
Служител, извършил регистрацията/редакцията
999 ## - СИСТЕМНИ КОНТРОЛНИ НОМЕРА
Koha biblionumber 28957
Koha biblioitemnumber 28957
Наличности
Код за отписване Код за изгубен артикул Източник на класификационната схема Код за повреда Коз за рестрикции Код за отдаване Артикулен № Име на библиотеката - собственик Име на библиотеката, в която се намира в момента Статус (Текущо местоположение) Дата на вписване в системата Местоположение - отдел Цена в лева Инвентарен номер Систематично азбучна сигнатура Баркод Номер на екземпляра Цена в евро Служебна бележка Служебен тип на артикула
  Не е изгубен Universal Decimal Classification Не е повреден без рестрикции ползва се в читалня 46544 Регионална библиотека "Любен Каравелов" Русе Регионална библиотека "Любен Каравелов" Русе Хранилище 1999-01-01 Хранилище 0.00 658481 Цб 194860 120000658481 1 0.00 Дост: Dp Вид: Д N: 29 Дата: 01.01.1999 Книги
Изтеглен Не е изгубен Universal Decimal Classification Не е повреден без рестрикции заемане за дома 46545 Регионална библиотека "Любен Каравелов" Русе Регионална библиотека "Любен Каравелов" Русе Заемна - подръчен фонд 2004-06-04 Заемна - подръчен фонд 8.00 120000685987 П 347/Б 43 120000685987 2 4.09 Дост: Pk Вид: Ф N: 6 Дата: 02.06.2004 Книги
  Не е изгубен   Не е повреден без рестрикции ползва се в читалня 46546 Регионална библиотека "Любен Каравелов" Русе Регионална библиотека "Любен Каравелов" Русе Читалня 2004-06-04 Читалня 8.00 120000685988 Ч 347/Б 43 120000685988 3 4.09 Дост: Pk Вид: Ф N: 6 Дата: 02.06.2004 Дата инв: 14.03.2017 Бележки инв: Ч2017 Книги
Vip Innovations Ltd, Rousse, Bulgaria 2025